000 00602nam a2200205Ia 4500
001 21442
003 GE_BSU
008 181216s||||||||xx |||||||||||||| ||und||
040 _cGE_BSU
080 _aპერიოდიკა
245 _aБанковские технологии № 8(258) 2017
245 _cГл. ред. Ю.Н.Гордеев
260 _aМосква
260 _c2017
300 _a64 стр. 30см. илл.
653 _aБанковские технологии № 8(258) 2017
653 _aПериодика
653 _aპერიოდიკა
942 _cCR
999 _c54386
_d54386